Basic River Knowledge #1 - Statistics

General Stats
  • This quiz has been taken 73 times
  • The average score is 13 of 20
Answer Stats
Question Answer % Correct
What is the largest river by total discharge? Amazon
100%
What river is the most sacred to Hinduism? Ganges
97%
What river flows through Paris? Seine
93%
What is the longest tributary of the Mississippi River? Missouri
92%
What were the two important rivers of Mesopotamia? Euphrates
90%
What were the two important rivers of Mesopotamia? Tigris
90%
Other than Buenos Aires, what national capital is on the Río de la Plata? Montevideo
80%
What is the largest city on the Tiber River? Rome
77%
Which huge and famous waterfall is on the Zambezi River? Victoria Falls
77%
Bamako, the capital of Mali is on what river? Niger
75%
In what country does the Orinoco River drain? Venezuela
63%
The Amu and Syr Darya rivers used to flow entirely into what inland sea before humans diverted the water? Aral Sea
62%
What is the biggest country in the world with no permanent rivers? Saudi Arabia
58%
What river flows through cities like Kazan and Tolyatti? Volga
57%
What country is the Irrawaddy River in? Myanmar
48%
Lake Tana is the source of what major tributary? Blue Nile
35%
And in what city does that tributary end? Khartoum
30%
What is the Arabic term for a non-permanent river that fills with water only during rainstorms? Wadi
30%
What is the Chinese name for the Yellow River? Huang He
28%
What Chinese province is the Pearl River Delta in? Guangdong
20%
No matching quizzes found
Score Distribution
Percent of People with Each Score
Percentile by Number Answered
Your Score History
You have not taken this quiz